Statistiques concernant Culture Générale - Série 1422

Cliquez ici pour prendre le quiz!

Statistiques générales

  • Ce quiz a été pris 62 fois
  • Le résultat moyen est 7 sur 10

Statistiques - réponses

Question Réponse % Correct
Le Vieux-Port, Marius, la Canebière, Notre-Dame de la Garde et l'O.M : c'est la ville de ...Marseille
100%
En langage familier, quelle partie du corps les mots "blair" et "pif" désignent-ils ?nez
98%
Quel mot désigne à la fois le petit matin et la longue robe des premiers communiants ?aube
96%
Quelle grande ville française essayez-vous de traverser quand vous êtes coincé dans les bouchons du tunnel de Fourvière ?Lyon
91%
Un animal mythique fit régner la terreur en Lozère entre 1764 et 1767 : on l'a baptisé la "bête du...Gévaudan
79%
Complétez le titre de ce film de Claude Sautet : "Vincent, François, Paul...et les autres
68%
Quand vous avez le hoquet, quelle cloison musculaire et tendineuse se contracte de façon spasmodique ?diaphragme
63%
Que manoeuvre un liftier ?ascenseur
54%
À quel penseur et humaniste hollandais doit-on l'"Éloge de la folie" ?Didier Érasme
40%
Quelle cité portuaire située à la pointe du Raz, abrite le musée du Bateau ?Douarnenez
19%

Distribution des résultats

Percentile par nombre de réponses

% des personnes avec chaque résultat

Votre développement - résultats

Vous n’avez pas pris ce quiz